000 00889nam a2200277 i 4500
001 000039020
003 DO-SdBNP
005 20251014112314.0
007 ta
008 251014s2025 dr ac 000 0 spa d
020 _a9789945945317
040 _aDO-SdBNP
_bspa
_cBNPHU
_erda
041 _aspa
082 4 _axxx
_bC824a
_222
100 1 _aCorréa, Luiz Nilton
_eautor
_916462
245 1 0 _aAzorianos en Santo Domingo :
_bla saga de los emigrantes azorianos en la República Dominicana en 1940 /
_cLuiz Nilton Corréa
264 _aSanto Domingo :
_bAcademia Dominicana de la Historia,
_c2025.
300 _a241 páginas ;
_c24 cm.
336 _ardacontent
_btexto
_2txt
337 _ardamedia
_bsin mediación
_2n
338 _ardacarrier
_bvolumen
_2nc
490 _aAcademia Dominicana de la Historia ;
_v170
590 _aInventariado, 2025/DG
910 _aDG
942 _2ddc
_cLBS1
999 _c59947
_d59947